00751cam a22002537a 4500003000500000005001700005008004100022010001000063011001000073020001500083035001000098040000900108082002200117110000800139245014600147260002400293300001900317490004000336650001200376700002700388700002100415700002100436830004000457CHAP20220817043539.0990607d1993 it a rn 00110 spa d a78158 a79130 a9253033711 a89284 cCHAP04a639.3bF48Y v.1542 aFAO10aSinopsis de los datos biológicos y pesqueros del sabalo Prochilodus lineatus (Valenciennes, 1847)c/preparado por Sara B. Sverlij [y otros] aRome :bFAO,c1993. a64 p. :bilus. 0aFAO. Sinopsis sobre la pescav; 15414aSabalo.0 aEspinach Ros, Alberto.0 aOrti, Guillermo.0 aSverlij, Sara B.00aFAO. Sinopsis sobre la pescav; 154